Agroquímica Tomo I

Bibliographic Details
Main Author: B.A, Yagodin
Format: Section = Libro
Language:Undetermined
Spanish
Published: URSS Mir Moscú 1986
Subjects:
LEADER 00432nam a2200181Ia 4500
008 240830s9999 xx 000 0 und d
040 |a B-ESTELÍ- RUACS / 630.92 Y12 
041 |a spa 
082 |a 630.92 Y12 
100 1 |a B.A, Yagodin 
245 1 0 |a Agroquímica Tomo I 
260 |a URSS  |b Mir Moscú  |c 1986 
300 |a 464 p. 
650 7 |a AGRICULTURA 
650 7 |b  TRABAJO AGRICOLA 
942 |c BK  |2 ddc 
991 |a TEXTO 
999 |c 11312